Normal view
MARC view
- Muhammad Ali Mazidi, Gillispie,Janice, Mckinlay,Rolin.D
Entry Personal Name
001 - CONTROL NUMBER
- control field: 64530
003 - CONTROL NUMBER IDENTIFIER
- control field: NUST
005 - DATE AND TIME OF LATEST TRANSACTION
- control field: 20210628203307.0
008 - FIXED-LENGTH DATA ELEMENTS
- fixed length control field: 210628|| aca||aabn | a|a d
040 ## - CATALOGING SOURCE
- Original cataloging agency: NUST
- Transcribing agency: NUST
100 ## - HEADING--PERSONAL NAME
- Personal name: Muhammad Ali Mazidi, Gillispie,Janice, Mckinlay,Rolin.D
670 ## - SOURCE DATA FOUND
- Source citation: Work cat.: (NUST): Muhammad Ali Mazidi, Gillispie,Janice, Mckinlay,Rolin.D, The 8051 microcontroller and embedded systems, using assembly and c, 2008
